000 00422nam a22001697a 4500
003 MPLRDC
005 20220104151130.0
008 210129b ||||| |||| 00| 0 eng d
082 _a528.972 QCJ
100 _a元.邱处机等编著
245 _a颐身集 内功图说
_c
250 _a一版二刷
260 _a
_b人民卫生出版社
_c1984
300 _b
650 _a中国武术
942 _cBK
_o528.972 QCJ
999 _c52215
_d52205